[Event "CAN-ch U10"]
[Site "Sault Ste Marie"]
[Date "2017.07.10"]
[Round "7"]
[White "Wu, Stanley"]
[Black "Chen, Grant"]
[Result "1-0"]
[WhiteElo "928"]
[BlackElo "817"]
[PlyCount "115"]
[EventDate "2017.07.06"]
[EventType "swiss"]
[EventRounds "7"]
[EventCountry "CAN"]
[SourceTitle "EXT 2022"]
[Source "ChessBase"]
[SourceDate "2021.10.06"]
[SourceVersion "1"]
[SourceVersionDate "2021.10.06"]
[SourceQuality "1"]

1. e4 e5 2. Nf3 Nf6 3. Nc3 Nc6 4. Bb5 d6 5. 0-0 Bg4 6. h3 Bh5 7. d3 h6 8. Be3 Be7 9. a3 a6 10. Bxc6+ bxc6 11. Qe2 Rb8 12. Rab1 c5 13. b4 d5 14. Bxc5 Bxc5 15. bxc5 Rxb1 16. Rxb1 0-0 17. g4 dxe4 18. Nxe4 Nxe4 19. dxe4 Bg6 20. Nxe5 Qe7 21. Nxg6 fxg6 22. Qe3 Re8 23. Rb4 Rf8 24. f3 Qf6 25. Kg2 Rd8 26. Rb7 Qf7 27. Ra7 Qd7 28. Rxa6 Qd2+ 29. Qxd2 Rxd2+ 30. Kg3 Rxc2 31. Rxg6 Rxc5 32. Kf4 Ra5 33. Rc6 Rxa3 34. Rxc7 Kf8 35. e5 Ra4+ 36. Kf5 Ra3 37. Ke4 Ra4+ 38. Kd5 Ra5+ 39. Rc5 Rxc5+ 40. Kxc5 Ke7 41. Kd5 Kd7 42. f4 Ke7 43. f5 Kf7 44. h4 Ke7 45. g5 hxg5 46. hxg5 Kf8 47. e6 Ke8 48. f6 gxf6 49. gxf6 Kf8 50. e7+ Ke8 51. Kd6 Kf7 52. Kd7 Kxf6 53. e8Q Kg7 54. Qe6 Kf8 55. Qe7+ Kg8 56. Ke6 Kh8 57. Kf6 Kg8 58. Qg7# 1-0

[Event "CAN-ch U10"]
[Site "Sault Ste Marie"]
[Date "2017.07.07"]
[Round "4"]
[White "Latorre, Vincent"]
[Black "Wu, Stanley"]
[Result "0-1"]
[WhiteElo "1200"]
[BlackElo "928"]
[PlyCount "86"]
[EventDate "2017.07.06"]
[EventType "swiss"]
[EventRounds "7"]
[EventCountry "CAN"]
[SourceTitle "EXT 2022"]
[Source "ChessBase"]
[SourceDate "2021.10.06"]
[SourceVersion "1"]
[SourceVersionDate "2021.10.06"]
[SourceQuality "1"]

1. e4 c5 2. Nf3 Nc6 3. d4 cxd4 4. Nxd4 Nf6 5. Nc3 e5 6. Nf3 Bb4 7. Bg5 h6 8. Bd2 0-0 9. Bc4 Bxc3 10. Bxc3 d6 11. Qd3 Be6 12. 0-0-0 Bxc4 13. Qxc4 Qe7 14. Rhg1 Rad8 15. g4 Qe6 16. Qxe6 fxe6 17. Rde1 Nxg4 18. Rxg4 Rxf3 19. Rf1 Rf4 20. Rxf4 exf4 21. Rg1 e5 22. f3 Kf7 23. b4 a6 24. a4 b5 25. a5 Rc8 26. Kd2 g5 27. h3 Kf6 28. Rg4 Rd8 29. h4 Kg6 30. hxg5 hxg5 31. Kd3 Kf6 32. Ke2 d5 33. exd5 Rxd5 34. Rg1 Nd4+ 35. Bxd4 Rxd4 36. c3 Rc4 37. Kd3 Kf5 38. Re1 Rc6 39. Re2 Re6 40. c4 bxc4+ 41. Kxc4 e4 42. fxe4+ Rxe4+ 43. Rxe4 Kxe4 0-1

[Event "CAN-ch U18"]
[Site "Montreal"]
[Date "2014.07.18"]
[Round "6"]
[White "Wu, Stanley"]
[Black "Nyamdorj, Davaaochir"]
[Result "1/2-1/2"]
[WhiteElo "1765"]
[BlackElo "2098"]
[PlyCount "61"]
[EventDate "2014.07.15"]
[EventType "swiss"]
[EventRounds "7"]
[EventCountry "CAN"]
[SourceTitle "EXT 2022"]
[Source "ChessBase"]
[SourceDate "2021.10.06"]
[SourceVersion "1"]
[SourceVersionDate "2021.10.06"]
[SourceQuality "1"]

1. e4 e5 2. Nf3 Nc6 3. Bc4 Bc5 4. c3 Nf6 5. d4 exd4 6. cxd4 Bb4+ 7. Bd2 Bxd2+ 8. Nbxd2 d5 9. exd5 Nxd5 10. 0-0 0-0 11. Rc1 Nb6 12. Bb3 Bg4 13. h3 Bh5 14. Rc5 Bg6 15. Re1 Qd6 16. Ne4 Bxe4 17. Rxe4 Rad8 18. Ng5 Nxd4 19. Qh5 Qg6 20. Qxg6 hxg6 21. Rxc7 Nxb3 22. axb3 Rd1+ 23. Kh2 Rd5 24. f4 Rb5 25. Rxb7 Rxb3 26. Ree7 Rxb2 27. Nxf7 Na4 28. Nh6+ Kh8 29. Nf7+ Kg8 30. Nh6+ Kh8 31. Nf7+ 1/2-1/2

[Event "CAN-ch U18"]
[Site "Montreal"]
[Date "2014.07.16"]
[Round "4"]
[White "Datcu Romano, Alex"]
[Black "Wu, Stanley"]
[Result "0-1"]
[WhiteElo "1014"]
[BlackElo "1765"]
[PlyCount "88"]
[EventDate "2014.07.15"]
[EventType "swiss"]
[EventRounds "7"]
[EventCountry "CAN"]
[SourceTitle "EXT 2022"]
[Source "ChessBase"]
[SourceDate "2021.10.06"]
[SourceVersion "1"]
[SourceVersionDate "2021.10.06"]
[SourceQuality "1"]

1. e4 c6 2. d4 d5 3. e5 Bf5 4. Nf3 e6 5. g3 Nd7 6. Bg2 Bg6 7. 0-0 Ne7 8. Bg5 h6 9. Bd2 Nf5 10. Nc3 c5 11. Be3 cxd4 12. Bxd4 Be7 13. Rc1 0-0 14. Qd2 Nxd4 15. Qxd4 Qa5 16. Nh4 Bh7 17. Kh1 Bc5 18. Qa4 Qxa4 19. Nxa4 Be7 20. f4 b5 21. Nc3 b4 22. Nb5 Rfc8 23. c4 Bd3 24. Rf2 Bc5 25. Rd2 Be3 26. Rxd3 Bxc1 27. b3 g5 28. f5 gxh4 29. fxe6 fxe6 30. cxd5 Bb2 31. Kg1 Nxe5 32. Re3 a6 33. Nd6 Bd4 34. Kf2 Rc2+ 35. Ke1 Bxe3 36. dxe6 Rxg2 37. e7 Rxh2 38. e8Q+ Rxe8 39. Nxe8 hxg3 40. Nf6+ Kf7 41. Ng4 Nxg4 42. a4 bxa3 43. Kf1 a2 44. Ke1 a1R# 0-1

[Event "Toronto NAYCC U16"]
[Site "Toronto"]
[Date "2013.08.18"]
[Round "8"]
[White "Ding, Andrew"]
[Black "Wu, Stanley"]
[Result "1-0"]
[WhiteElo "2228"]
[BlackElo "1797"]
[PlyCount "109"]
[EventDate "2013.08.14"]
[EventType "swiss"]
[EventRounds "9"]
[EventCountry "CAN"]
[SourceTitle "EXT 2022"]
[Source "ChessBase"]
[SourceDate "2021.10.06"]
[SourceVersion "1"]
[SourceVersionDate "2021.10.06"]
[SourceQuality "1"]

1. d4 d5 2. c4 c6 3. Nf3 Nf6 4. Nc3 e6 5. Bg5 Be7 6. e3 Nbd7 7. Bd3 dxc4 8. Bxc4 Nd5 9. Bxe7 Qxe7 10. 0-0 Nxc3 11. bxc3 0-0 12. Bd3 e5 13. Qc2 h6 14. Bf5 exd4 15. cxd4 Nf6 16. Bd3 Nd5 17. Qd2 Qb4 18. Rab1 Qxd2 19. Nxd2 Nb6 20. Rfc1 Re8 21. Ne4 Bf5 22. Nf6+ gxf6 23. Bxf5 Re7 24. Rc5 Kg7 25. Ra5 Nc4 26. Rc5 Nd6 27. Bd3 Rd8 28. Kf1 Rdd7 29. Rbc1 Ne4 30. Ra5 a6 31. f3 Nd6 32. Kf2 Nb5 33. a4 Nc7 34. Rac5 Nd5 35. Be4 Nc7 36. g4 Ne8 37. Bf5 Rd8 38. h4 Nc7 39. Be4 Ne8 40. Rg1 Nd6 41. Bd3 Ree8 42. g5 hxg5 43. hxg5 fxg5 44. Rcxg5+ Kf6 45. e4 Ke6 46. e5 Nc8 47. R1g4 b5 48. Rf5 Rg8 49. Rgf4 Rg7 50. Rf6+ Kd5 51. Bb1 c5 52. Ba2+ c4 53. Bb1 b4 54. Ke3 b3 55. Be4# 1-0

[Event "CAN-ch U16"]
[Site "Vancouver"]
[Date "2012.07.04"]
[Round "3"]
[White "Wu, Stanley"]
[Black "Burgert, Conrad"]
[Result "1-0"]
[WhiteElo "1307"]
[BlackElo "1250"]
[PlyCount "55"]
[EventDate "2012.07.03"]
[EventType "swiss"]
[EventRounds "7"]
[EventCountry "CAN"]
[SourceTitle "EXT 2022"]
[Source "ChessBase"]
[SourceDate "2021.10.06"]
[SourceVersion "1"]
[SourceVersionDate "2021.10.06"]
[SourceQuality "1"]

1. e4 c5 2. Nc3 Nc6 3. f4 d6 4. Bb5 Bd7 5. Nf3 a6 6. Bxc6 Bxc6 7. d3 g6 8. 0-0 Bg7 9. Qe1 e6 10. Bd2 h5 11. f5 gxf5 12. exf5 e5 13. d4 Bxf3 14. Rxf3 cxd4 15. Nd5 Rb8 16. Ba5 b6 17. Nxb6 Rxb6 18. Rb3 Rxb3 19. Bxd8 Rxb2 20. Qa5 e4 21. Qc7 Be5 22. f6 Bxf6 23. Bxf6 Nxf6 24. Qc8+ Ke7 25. Qxh8 Rxc2 26. Rf1 Ng4 27. Qxd4 f5 28. Rxf5 1-0